Semanas Santas de Interés Turístico Internacional (España) - Estadísticas

Estadísticas generales
  • Esta prueba ha sido intentada 84 veces
  • La puntuación promedio es 16 de 26
Estadísticas de respuestas
Año Comunidad Autónoma Municipio % Correcto
1980 Andalucía Sevilla
97%
2002 Castilla y León León
92%
1980 Andalucía Málaga
92%
2011 Región de Murcia Murcia
90%
2003 Castilla y León Salamanca
88%
2011 Extremadura Cáceres
80%
2005 Región de Murcia Cartagena
80%
2007 Andalucía Granada
80%
2014 Castilla - La Mancha Toledo
80%
1980 Castilla y León Valladolid
80%
1982 Castilla y León Zamora
80%
2018 Extremadura Mérida
78%
2014 Aragón Zaragoza
76%
2014 Castilla y León Ávila
69%
1980 Castilla - La Mancha Cuenca
69%
2007 Región de Murcia Lorca
68%
2012 Castilla y León Palencia
61%
2014 Galicia Ferrol
51%
2011 Castilla y León Medina del Campo
32%
2010 Comunidad Valenciana Orihuela
32%
2007 Castilla - La Mancha Hellín
29%
2013 Galicia Viveiro
27%
2009 Castilla y León Medina de Rioseco
24%
2023 Región de Murcia Cieza
22%
2019 Región de Murcia Jumilla
22%
2011 Comunidad Valenciana Crevillente
15%
No se encontraron pruebas coincidentes
Distribución de puntuación
Porcentaje de gente con cada puntuación
Porcentaje por número respondido
Historial de tus puntuaciones
No has intentado esta prueba.